000 00428nam a2200157 i 4500
001 27939
003 ES-MaACL
005 20230906153732.0
007 t|
008 030115s1967 sp ||||1| spa d
100 1 _aBaciu, Stefan.
_924500
245 1 0 _aJuan Bosch, un hombre solo /
_cStefan Baciu.
260 _a[Madrid :
_bs.n.,
_c1967] (
_fGráf. Benzal)
300 _a106 p. ;
_c19 cm.
852 _aES-MaACL
_jC-33645
_bR.63823
999 _c27939
_d27939